书目信息 |
| 题名: |
珍珠港事件前的日日夜夜
|
|
| 作者: | 实松让 著 ;张焕利 , 黄凤珍 译 | |
| 分册: | ||
| 出版信息: | 北京 新华出版社 1984 |
|
| 页数: | 462页 | |
| 开本: | 19cm | |
| 丛书名: | ||
| 单 册: | ||
| 中图分类: | K152 , E331.3 | |
| 科图分类: | ||
| 主题词: | 日本偷袭珍珠港(1941) , 军事 | |
| 电子资源: | ||
| ISBN: | ||
| 000 | 00778nam0 2200277 45 | |
| 001 | 1538391036 | |
| 005 | 20150118104025.67 | |
| 010 | @dCNY1.65 | |
| 091 | @aCN@b3203.058 | |
| 100 | @a19950408d1984 em y0chiy0121 ea | |
| 101 | 1 | @achi@cjpn |
| 102 | @aCN@b110000 | |
| 105 | @ay z 000yy | |
| 200 | 10 | @a珍珠港事件前的日日夜夜@Azhen zhu gang shi jian qian de ri ri ye ye@f(日)实松让著@g张焕利,黄凤珍译 |
| 210 | @a北京@c新华出版社@d1984 | |
| 215 | @a462页@d19cm | |
| 606 | @a日本偷袭珍珠港(1941) | |
| 606 | 0 | @a军事 |
| 690 | @aK152@v3 | |
| 690 | @aE331.3@v4 | |
| 701 | 0 | @a实松让@Ashi song rang@4著 |
| 702 | 0 | @a张焕利@Azhang huan li@4译 |
| 702 | 0 | @a黄凤珍@Ahuang feng zhen@4译 |
| 801 | 0 | @aCN@bTSSF@c20150118 |
| 801 | 2 | @aCN@bNLC |
| 905 | @aZUCC@dE331.3@eJY16 | |
| 珍珠港事件前的日日夜夜/(日)实松让著/张焕利,黄凤珍译.-北京:新华出版社,1984 |
| 462页;19cm |
| ISBN :CNY1.65 |
| ● |
| 相关链接 |
|
|
|
|
正题名:珍珠港事件前的日日夜夜
索取号:E331.3/JY16
 
预约/预借
| 序号 | 登录号 | 条形码 | 馆藏地/架位号 | 状态 | 备注 |
| 1 | 7852807 | 278528078 | 学院路分馆/ [索取号:E331.3/JY16] | 在馆 |